00988nab a2200265uuc4500001000800000005001700008008004100025035001200066035002100078040001300099041000800112100004200120245014100162260001000303650002100313650003300334650002100367650001100388700004400399700003300443700003700476700003500513700003200548773014200580115268920240202092139.0090707s2008 spa  a1152689 a(OCoLC)820484916 ccomduadb aspa10aBecerra Sandoval, Camilo A.4auteaut10aInmunidad pasiva en potros de madres inmunoestimuladas con celulas inactivadas de propionibacterium granulosum y lipopolisacaridos (lps) c2008. aInmunidad pasiva aPropionibacterium granulosum aLipopolisacarido aPotros10aMontenegro Castillo, Diego H.4auteaut10aRamirez, German F.4auteaut10aParada Gomez, Mauricio4auteaut10aBustos M., Francisco4auteaut10aAlmansa, Jorge E.4auteaut0 tRevista de Medicina Veterinaria. Universidad de la Salle (Bogotá)gNúmero 16, Julio-Diciembre 2008, 43-51w353186x0122-93540113267